000 00336 a2200109 4500
001 ART_17848
005 20260410161701.0
008 260409a
245 1 0 _aAutonomia monetria, heteronimía monetaria y dinero pasivo
100 1 _aOlivera, Julio H.G.
773 0 _tEnsayos Económicos
_g- Nº 13 (mar. 1980)
_wREV620
999 _c15149
_d15149